Statistics for U.S States by their Comparable Countries

Click here to take the quiz!

General Stats

  • This quiz has been taken 13 times
  • The average score is 25 of 51

Answer Stats

CountryState% Correct
IraqCCalifornia
82%
MyanmarTTexas
82%
LibyaAAlaska
73%
The BahamasCConnecticut
64%
BruneiDDelaware
64%
Eq. GuineaHHawaii
64%
HungaryIIndiana
64%
JapanMMontana
64%
PolandNNew Mexico
64%
BONUS: San MarinoWWashington D.C
64%
ItalyAArizona
55%
New ZealandCColorado
55%
SurinameFFlorida
55%
HaitiMMassachusetts
55%
North KoreaMMississippi
55%
CambodiaMMissouri
55%
DjiboutiNNew Hampshire
55%
SyriaNNorth Dakota
55%
Cape VerdeRRhode Island
55%
KyrgyzstanSSouth Dakota
55%
GuyanaUUtah
55%
SyriaWWashington
55%
GreeceAAlabama
45%
GreeceAArkansas
45%
BangladeshGGeorgia
45%
GuyanaIIdaho
45%
BangladeshIIllinois
45%
TajikistanIIowa
45%
GuyanaKKansas
45%
IcelandKKentucky
45%
GreeceLLouisiana
45%
MoldovaMMaryland
45%
GuyanaMMInnesota
45%
KyrgyzstanNNebraska
45%
Burkina FasoNNevada
45%
BelizeNNew Jersey
45%
CambodiaOOklahoma
45%
EcuadorOOregon
45%
GuatamalaTTennessee
45%
North MacedoniaVVermont
45%
SurinameWWisconsin
45%
GuineaMMichigan
36%
TajikistanNNew York
36%
TajikistanNNorth Carolina
36%
MalawiPPennsylvania
36%
U.A.ESSouth Carolina
36%
BulgariaVVirginia
36%
LatviaWWest Virginia
36%
EcuadorWWyoming
36%
PortugalMMaine
27%
EritreaOOhio
18%

Score Distribution

Percentile by Number Answered

Percent of People with Each Score

Your Score History

You have not taken this quiz